Statistiques concernant They Shoot Pictures, Don't They? - films 421 à 440

Cliquez ici pour prendre le quiz!

Statistiques générales

  • Ce quiz a été pris 26 fois
  • Le résultat moyen est 7 sur 20

Statistiques - réponses

Réponse% Correct
Lost in Translation
90%
Les Évadés
80%
Le Voyage dans la Lune
80%
Holy Motors
70%
Festen
50%
La Fiancée de Frankenstein
50%
Under the Skin
50%
Tirez sur le pianiste
40%
If....
35%
Possession
30%
Les Feux de la rampe
20%
French Cancan
15%
La Fièvre dans le sang
15%
La terre tremble
15%
Le Crime de Monsieur Lange
15%
Les Communiants
15%
Un ange à ma table
15%
Les Fleurs de Shanghai
10%
Le Vent
10%
Listen to Britain
0%

Distribution des résultats

Percentile par nombre de réponses

% des personnes avec chaque résultat

Votre développement - résultats

Vous n’avez pas pris ce quiz